000
00335nam a2200145Ia 4500
100
_a
MacLennan Jamie/ Tang/Zhao Hui
942
_c
BK
366
_f
25
654
_a
wireless
245
_a
Datamining with Microsoft SQL server 2008
260
_b
Wiley India
_c
2009
082
_b
MAC
300
_a
636
546
_a
ENGLISH
_c
electronics
999
_c
23434
_d
23434